| 000 | 005280000a22001810004500 | ||
|---|---|---|---|
| 003 | MACL | ||
| 005 | 20160517114439.0 | ||
| 008 | 160517b xxu||||| |||| 00| 0 eng d | ||
| 040 |
_aMACL _cMACL |
||
| 041 | _aHindi | ||
| 082 | _a891.433 | ||
| 100 |
_aशिवमूर्ति _957519 |
||
| 245 |
_aकेशर कस्तूरी _cशिवमूर्ति |
||
| 260 |
_bराधाकृष्ण _c1994 _aदिल्ली |
||
| 350 | _a60 | ||
| 650 |
_aStories _957520 |
||
| 942 |
_cHIN _k891.433/SHI/S _2ddc |
||
| 999 |
_c20079 _d20079 |
||